000 01216nam0a22003131 4500
001 rc\4058087
005 20130415145950.8
021 _aRU
_b[53-2779]
035 _a(NLR Aleph) 008110765
090 _a9302654
_c9302654
100 _a20130415d1953 |||y0rusy50 ca
101 0 _arus
102 _aRU
105 _ay z |||||
200 1 _aК. Маркс и Ф. Энгельс о России и русском народе
_fВсесоюз. о-во по распространению полит. и науч. знаний
210 _aМосква
_cЗнание
_d1953
215 _a64 с.
_d22
225 1 _a[Серия 1
_v№ 4 и 5]
300 _aПеред загл. авт.: канд. ист. наук В.Н. Котов
606 _aРусский народ
_2psbo
607 _aСССР
_xИстория
_2psbo
700 1 _aКотов
_bВ. Н.
_gВиктор Никифорович
702 1 _aМаркс
_bК.
_f1818-1883
_gКарл
_3RU\NLR\AUTH\7713844
_4570
702 1 _aЭнгельс
_bФ.
_cполит. деятель
_f1820-1895
_gФридрих
_3RU\NLR\AUTH\7748148
_4570
801 0 _aRU
_bNLR
_gpsbo
801 1 _aRU
_bELAR
_2rusmarc
852 _aNLR
_jМ20 Г-6/202
942 _cBOOK
980 _aNB